| 000 | 01176nam a2200217Ia 4500 | ||
|---|---|---|---|
| 001 | 15251 | ||
| 003 | GE_BSU | ||
| 008 | 181216s||||||||xx |||||||||||||| ||und|| | ||
| 040 | _cGE_BSU | ||
| 080 | _a821.353.1 | ||
| 245 | _aჩვენი საუნჯე:ქართული მწერლობა ოც ტომად. ტ.17. იროდიონ ევდოშვილი, ჭოლა ლომთათიძე, ნოე ჩხიკვაძე, უიარაღო, შიო მღვიმელი, გიორგი ქუჩიშვილი | ||
| 245 | _cრედ.გ.ლეონიძე. მხატვ.ლ.გრიგოლია | ||
| 260 | _aთბილისი | ||
| 260 | _bნაკადული | ||
| 260 | _c1961 | ||
| 300 | _a472გვ.23სმ. | ||
| 653 | _aიროდიონ ევდოშვილი, ჭოლა ლომთათიძე, ნოე ჩხიკვაძე,უიარაღო, შიო მღვიმელი, გიორგი ქუჩიშვილი | ||
| 653 | _aქართული მწერლობა | ||
| 653 | _aჩვენი საუნჯე | ||
| 942 | _cBK | ||
| 999 |
_c48363 _d48363 |
||